000 00746nam a2200253Ia 4500
003 OSt
005 20220918214421.0
006 a|||||r|||| 00| 0
007 ta
008 220917b |||||||| |||| 00| 0 eng d
024 _a137,385
037 _cTextual
040 _aARTS
_cARTS
_beng
041 _2eng
_aeng
082 _aY:348(Q).687.N5, L8
100 _aHarris Grace Gredys
_9131240
245 0 _aCasting out anger
_b Religion among the Taita of Kenya
260 _aCambridge
_bUniversity Press
_c1978
300 _axi, 93p.
_ccm.
490 _aCambridge studies in social anthropology; 21
650 _aSOCIOLOGY
942 _hY:348(Q).687.N5, L8
_cTEXL
_2CC
999 _c260466
_d260466